banner-ar

فن التصوير فى العصر الاسلامى / (Record no. 63443)

MARC details
000 -الفاتح
حقل البيانات ثابتة الطول 01567nam a22003137a 4500
005 - وقت وتاريخ اخر تعامل مع التسجيلة
رقم الضبط 20240530110641.0
008 - عناصر البيانات ثابتة الطول - معلومات عامة
حقل البيانات ثابتة الطول 171016s2016 ua fh f b 000 0 ara d
017 ## - رقم الايداع القانونى
رقم الايداع القانونى 2015/20934
المصدر ( الهيئة المختصة) مصر. دار الكتب
020 ## - الرقم الدولى المعيارى للكتب
الرقم الدولى المعيارى للكتاب 9789777353595
040 ## - مصدر الفهرسة
وكالة الفهرسة الأصلية EG-CaGPL
وكالة النسخ EG-CaGPL
082 04 - رقم تصنيف ديوى العشرى
رقم الطبعة 21
رقم التصنيف 778.4 /
رقم المادة ص ف
100 0# - المدخل الرئيسى - إسم شخصى
الإسم الشخصى صلاح احمد البهنسى
245 10 - بيان العنوان
العنوان فن التصوير فى العصر الاسلامى /
بيان المسئوليه,etc صلاح احمد البهنسى
260 ## - PUBLICATION, DISTRIBUTION, ETC. (IMPRINT)
تاريخ النشر أو التوزيع 2016.
300 ## - الوصف المادى
التعداد 3 جزء :
تفاصيل ماديه اخرى للوعاء ايض ؛
أبعاد الوعاء 24 سم.
490 0# - بيان السلسلة
عنوان السلسلة اثار
500 ## - تبصرة عامة
تبصرة عامة الجزء الاول : فن التصوير فى بلاد العالم العربى -- الجزء الثانى : التصوير الايلخانى والتيمورى فى ايران -- الجزء الثالث : التصوير الصفوى فى ايران والعثمانى فى تركيا والمغول فى الهند .
504 ## - تبصرة ببليوجرافية
تبصرة ببليوجرافية,الخ يشتمل على ارجاعات ببليوجرافية
650 07 - المدخل الاضافى بالموضوع-مصطلح موضوعى
مصدر الرأس أو المصطلح qrmak
مصطلح موضوعي التصوير الضوئى
650 07 - المدخل الاضافى بالموضوع-مصطلح موضوعى
مصدر الرأس أو المصطلح qrmak
مصطلح موضوعي التصوير
650 07 - المدخل الاضافى بالموضوع-مصطلح موضوعى
مصدر الرأس أو المصطلح qrmak
مصطلح موضوعي الفنون الجميلة
650 07 - المدخل الاضافى بالموضوع-مصطلح موضوعى
مصدر الرأس أو المصطلح qrmak
مصطلح موضوعي صور الاشخاص
650 07 - المدخل الاضافى بالموضوع-مصطلح موضوعى
مصدر الرأس أو المصطلح qrmak
مصطلح موضوعي التصوير
التقسيم الفرعي العام تاريخ
-- العالم العربى
650 07 - المدخل الاضافى بالموضوع-مصطلح موضوعى
مصدر الرأس أو المصطلح qrmak
مصطلح موضوعي التصوير
التقسيم الفرعي العام تاريخ
التقسيم الفرعي الجغرافي ايران
650 07 - المدخل الاضافى بالموضوع-مصطلح موضوعى
مصدر الرأس أو المصطلح qrmak
مصطلح موضوعي التصوير
التقسيم الفرعي العام تاريخ
التقسيم الفرعي الجغرافي تركيا
650 07 - المدخل الاضافى بالموضوع-مصطلح موضوعى
مصدر الرأس أو المصطلح qrmak
مصطلح موضوعي التصوير
التقسيم الفرعي العام تاريخ
التقسيم الفرعي الجغرافي الهند
942 ## - عناصر المدخل الإضافي( كوها)
مصدر التصنيف او مخطط الترفيف Dewey Decimal Classification
Koha [default] item type كتاب
260 ## - PUBLICATION, DISTRIBUTION, ETC. (IMPRINT)
-- الاسكندرية :
-- دار الوفاء لدنيا الطباعة و النشر ،
Holdings
حالة التراجع حالة الفقد حالة تلف ليس للاعارة المكان المؤقت الموقع الحالى موقع الترفيف تاريخ الاكتساب اجمالي اﻻعارات رقم الطلب الباركود تاريخ اخر مشاهدة تاريخ تفعيل السعر نوع وعاء كوها
        مكتبة القاهرة الكبرى مكتبة القاهرة الكبرى   10/16/2017   778.4 / ص ف 163472 10/16/2017 10/16/2017 كتاب
        مكتبة القاهرة الكبرى مكتبة القاهرة الكبرى   10/16/2017   778.4 / ص ف 163473 10/16/2017 10/16/2017 كتاب
        مكتبة القاهرة الكبرى مكتبة القاهرة الكبرى   10/16/2017   778.4 / ص ف 163474 10/16/2017 10/16/2017 كتاب

Powered By

EGPV